|
|
|
|
| LEADER |
00000nab a2200000 a 4500 |
| 001 |
vtls000247238 |
| 003 |
SK-MaSNL |
| 005 |
20260302210804.0 |
| 008 |
111130c1986 xo 0 slo |
| 015 |
|
|
|a SNBRB19rr/mm-uuuuu
|
| 035 |
|
|
|a CL0257352
|
| 040 |
|
|
|a SNKBUCL
|b slo
|c SNKBUCL
|e AACR2
|
| 041 |
0 |
|
|a slo
|
| 044 |
|
|
|a xo
|c SK
|
| 080 |
|
|
|a 885.4-1(087.5)
|2 1981
|
| 080 |
|
|
|a 398.8(=854)
|2 1981
|
| 245 |
0 |
0 |
|a Ide koza rohatá..
|b Slovenská ľudová rozčítanka ; Ľuba Končeková-Veselá
|
| 650 |
0 |
7 |
|a rečňovanky
|2 snkbucl
|9 278360
|
| 655 |
|
7 |
|a články z novín a časopisov
|2 snkbucl
|9 267496
|
| 655 |
|
7 |
|a články z odboru literárna veda a krásna literatúra
|2 snkbucl
|9 770045
|
| 700 |
1 |
|
|a Končeková-Veselá, Ľuba,
|d 1942-
|4 gup
|9 219100
|
| 773 |
0 |
|
|t Zornička
|g Roč. 38, č. 19 (1986), s. /1/
|
| 850 |
|
|
|a Slovenská národná knižnica v Martine
|a MTA001
|
| 852 |
|
|
|a SNK
|b KIS3GCP
|
| 958 |
|
|
|a RK
|
| 958 |
|
|
|a LX
|
| 992 |
|
|
|a RBX
|
| 999 |
|
|
|c 1483913
|d 1485843
|